000 00851pam a2200265 a 4500
001 8496
003 BD-RjUL
005 20211208234611.0
008 161003s1985 nyua b 001 0 eng
020 _a0471887366
035 _a(BD-RjUL)8541
040 _aDLC
_cDLC
_dBD-RjUL
_beng
041 _aeng
082 0 0 _a001.634
_219
_bDOA 1985
100 1 _aDodge, Yadolah,
_d1944-
_925573
245 1 0 _aAnalysis of experiments with missing data /
_cYadolah Dodge.
260 _aNew York :
_bWiley,
_cc1985.
300 _axvii, 499 p. :
_bill. ;
_c24 cm.
504 _aIncludes bibliographies and index.
650 0 _aExperimental design.
_926462
650 0 _aAnalysis of variance.
_926463
942 _2ddc
_cBK
999 _c8496
_d8496